000
00270nam a2200109Ia 4500
008
230320s9999||||xx |||||||||||||| ||spa||
082
_a
370.152/G39
100
_a
Gearheart, Bill
245
0
_a
Incapacidad Para El Aprendizaje
260
_b
Manual moderno
942
_8
0
_c
LIB
999
_c
31531
_d
31531